[Event "Elit(Kungstornet-Stockholms SS)"]
[Site "?"]
[Date "2022.03.20"]
[Round "5"]
[White "Westerberg, Jonathan"]
[Black "von Bahr, Oskar"]
[Result "1/2-1/2"]
[WhiteElo "2494"]
[BlackElo "2386"]
[PlyCount "120"]

1. e4 e5 2. Nf3 Nc6 3. Bc4 Bc5 4. c3 Nf6 5. b4 Bb6 6. d3 d6 7. a4 a5 8. b5 Ne7
9. O-O O-O 10. Bg5 Ng6 11. Nh4 Nxh4 12. Bxh4 h6 13. Nd2 g5 14. Bg3 Bg4 15. Qe1
Nh5 16. Kh1 Nf4 17. f3 Bd7 18. Bf2 Bxf2 19. Qxf2 c6 20. g3 cxb5 21. gxf4 bxc4
22. Nxc4 exf4 23. Qd4 Ra6 24. Rfb1 Be6 25. Nb6 Kh7 26. Nd5 Bxd5 27. Qxd5 b6 28.
Qf5+ Kg7 29. Rb5 Qc8 30. c4 Qxf5 31. Rxf5 Rc8 32. Rd5 Rc6 33. h4 f6 34. Rb1 Ra8
35. Rdb5 Ra6 36. h5 Kf7 37. Kg2 Ke6 38. Kh3 Rc5 39. Rxb6 Rxb6 40. Rxb6 f5 41.
exf5+ Rxf5 42. d4 Rf8 43. Kg4 Rc8 44. c5 Rd8 45. Ra6 Kd5 46. Rxa5 Kxd4 47. cxd6
Rxd6 48. Rb5 Ke3 49. Rb3+ Kf2 50. a5 Ra6 51. Rb2+ Ke3 52. Rb3+ Kf2 53. Rb2+ Ke3
54. Rb6 Rxa5 55. Rxh6 Ra1 56. Re6+ Kf2 57. Kxg5 Kxf3 58. h6 Rh1 59. Rf6 Ke3 60.
Rxf4 Rxh6 1/2-1/2

[Event "Elit(Wasa-Vaxjo)"]
[Site "?"]
[Date "2022.03.20"]
[Round "5"]
[White "Gonzalez, Emilio"]
[Black "Bellon Lopez, Juan Manuel"]
[Result "0-1"]
[WhiteElo "1970"]
[BlackElo "2322"]
[PlyCount "82"]

1. c4 c5 2. g3 e6 3. Nf3 b6 4. Bg2 Bb7 5. Nc3 a6 6. O-O Nf6 7. Re1 d6 8. d3 Be7
9. Rb1 O-O 10. a3 Nbd7 11. Bd2 Rc8 12. e4 Ne5 13. Bf4 Nfd7 14. b3 Bf6 15. Qd2
Nxf3+ 16. Bxf3 Ne5 17. Bg2 b5 18. h3 Ng6 19. Be3 Qa5 20. Nd5 Qxd2 21. Nxf6+
gxf6 22. Bxd2 Ne5 23. Re3 Nc6 24. Rf3 f5 25. Rf4 Nd4 26. Rh4 f6 27. exf5 Bxg2
28. Kxg2 Nxf5 29. Re4 Kf7 30. Bc3 e5 31. f4 bxc4 32. dxc4 Rb8 33. b4 Rfc8 34.
Rf1 cxb4 35. Bxb4 Rxc4 36. Rfe1 Rxe4 37. Rxe4 a5 38. Bxa5 Rb2+ 39. Kf3 Rb3+ 40.
Kg4 Kg6 41. Be1 h5# 0-1

[Event "Elit(Limhamn-Team Pelaro Alingsas)"]
[Site "?"]
[Date "2022.03.20"]
[Round "5"]
[White "Berg, Emanuel"]
[Black "Johansson, Linus"]
[Result "1-0"]
[WhiteElo "2532"]
[BlackElo "2473"]
[PlyCount "69"]

1. e4 e6 2. d4 d5 3. Nc3 Bb4 4. e5 c5 5. a3 Bxc3+ 6. bxc3 Ne7 7. Qg4 Qc7 8.
Qxg7 Rg8 9. Qxh7 cxd4 10. Ne2 Nbc6 11. h4 Bd7 12. Bg5 Qxe5 13. f4 Qc7 14. g4 e5
15. Bh3 e4 16. Rd1 O-O-O 17. f5 Rde8 18. cxd4 Qd6 19. Bf4 Qxa3 20. Qh6 Rh8 21.
Qf6 Nb4 22. Rc1 Nec6 23. Qd6 Qa5 24. Kf2 Na6 25. c4 Ne7 26. Ra1 Qb6 27. Rxa6
bxa6 28. Rb1 Qxd6 29. Bxd6 Bc6 30. Kg3 f6 31. g5 Kd7 32. c5 Reg8 33. g6 Rh5 34.
Bg4 Rxf5 35. h5 1-0

[Event "Elit(Kungstornet-Stockholms SS)"]
[Site "?"]
[Date "2022.03.20"]
[Round "5"]
[White "Andersson, Fredrik"]
[Black "Olund, Joar"]
[Result "1/2-1/2"]
[WhiteElo "2267"]
[BlackElo "2349"]
[PlyCount "168"]

1. d4 d5 2. c4 dxc4 3. Nf3 Nf6 4. e3 e6 5. Bxc4 a6 6. O-O c5 7. Bb3 b5 8. a4 b4
9. Nbd2 cxd4 10. Nxd4 Be7 11. Qe2 Bb7 12. Rd1 Nc6 13. N2f3 Nxd4 14. Nxd4 Qa5
15. Bd2 O-O 16. Be1 Kh8 17. f3 Qg5 18. Rac1 Bd5 19. Bxd5 Nxd5 20. Bf2 Bf6 21.
Rc6 a5 22. Qd3 Rfd8 23. Qe4 Bxd4 24. Rxd4 Rdc8 25. Rdc4 Qd8 26. Qc2 Rxc6 27.
Rxc6 h6 28. e4 Nf4 29. Be3 Qf6 30. Bxf4 Qxf4 31. Qc1 Qe5 32. Qd2 Kh7 33. h3 Qf6
34. Qc2 Rd8 35. e5+ Qg6 36. Qxg6+ Kxg6 37. Rc5 Rd5 38. Rb5 Kf5 39. Rb7 Kxe5 40.
Rxf7 Rd2 41. f4+ Kd4 42. Rd7+ Ke3 43. Rxg7 Rxb2 44. Ra7 Kxf4 45. Rxa5 e5 46.
Rb5 e4 47. a5 Rb1+ 48. Kf2 e3+ 49. Ke2 Rb2+ 50. Kf1 Rb1+ 51. Ke2 Rb2+ 52. Kf1
Rf2+ 53. Kg1 Kg3 54. Rxb4 Rxg2+ 55. Kf1 Rf2+ 56. Ke1 Ra2 57. Rb6 h5 58. Re6
Ra1+ 59. Ke2 Ra2+ 60. Kxe3 Rxa5 61. Rg6+ Kxh3 62. Kf2 Ra2+ 63. Kg1 Ra3 64. Kh1
Ra4 65. Rg8 Ra7 66. Rg6 Ra5 67. Rg8 Ra4 68. Rg7 Rb4 69. Rg8 Rc4 70. Rg7 Rc1+
71. Rg1 Rc2 72. Rg8 Rh2+ 73. Kg1 Re2 74. Kh1 Re4 75. Rg7 Rh4 76. Rg8 Rg4 77.
Ra8 Rg3 78. Ra7 Re3 79. Rg7 Re1+ 80. Rg1 Rxg1+ 81. Kxg1 Kg3 82. Kh1 h4 83. Kg1
h3 84. Kh1 h2 1/2-1/2

[Event "Elit(Wasa-Vaxjo)"]
[Site "?"]
[Date "2022.03.20"]
[Round "5"]
[White "Cramling, Pia"]
[Black "Sevastianov, Andrii"]
[Result "1-0"]
[WhiteElo "2452"]
[BlackElo "2133"]
[PlyCount "155"]

1. d4 d5 2. c4 e6 3. Nc3 Nf6 4. cxd5 exd5 5. Bg5 c6 6. e3 Be7 7. Bd3 Nbd7 8.
Qc2 h6 9. Bh4 Nh5 10. Bxe7 Qxe7 11. O-O-O Nb6 12. Kb1 Nf6 13. h3 Be6 14. Nf3
O-O-O 15. Ka1 Kb8 16. Rb1 Nc4 17. Na4 Nd7 18. Rbc1 Nd6 19. Rhd1 Rc8 20. Nc5 Rc7
21. Nd2 g6 22. f3 Nxc5 23. dxc5 Nf5 24. Re1 Qg5 25. Nf1 Rd8 26. Re2 Ne7 27. Rd1
Rcd7 28. Nd2 Bf5 29. Nb3 Bxd3 30. Rxd3 Nf5 31. Qd2 d4 32. e4 Ng7 33. f4 Qe7 34.
g3 Ne6 35. Qc2 Qf6 36. Qc4 Ka8 37. a3 Qe7 38. Red2 h5 39. h4 f5 40. exf5 gxf5
41. Re2 Rd5 42. Rxd4 Qf6 43. Rxd5 Rxd5 44. Qb4 Qf7 45. Kb1 Qd7 46. Qc4 Nc7 47.
Qc3 b6 48. cxb6 axb6 49. Rd2 Qe6 50. Rxd5 Nxd5 51. Qd3 c5 52. Nd2 Ka7 53. Nf3
Nf6 54. Ne5 Ne4 55. Kc2 Kb7 56. b3 Kc7 57. Qa6 Qd6 58. Qa7+ Kc8 59. Qa8+ Kc7
60. Qa7+ Kc8 61. Nc4 Qd4 62. Nxb6+ Kd8 63. Qb8+ Ke7 64. Qc7+ Kf6 65. Qe5+ Qxe5
66. Nd7+ Ke6 67. Nxe5 Nxg3 68. Kd3 Kd5 69. Nc4 Ne4 70. Ne3+ Ke6 71. a4 Nd6 72.
Nc4 Nc8 73. a5 Kd7 74. Ne5+ Kd6 75. Kc4 Na7 76. Nf7+ Ke6 77. Nd8+ Kd7 78. Nb7
1-0

[Event "Elit(Limhamn-Team Pelaro Alingsas)"]
[Site "?"]
[Date "2022.03.20"]
[Round "5"]
[White "Brynell, Stellan"]
[Black "Winsnes, Rikard"]
[Result "1-0"]
[WhiteElo "2409"]
[BlackElo "2356"]
[PlyCount "93"]

1. d4 Nf6 2. Nf3 g6 3. g3 Bg7 4. Bg2 O-O 5. c4 d6 6. O-O Nc6 7. Nc3 a6 8. h3
Rb8 9. e4 b5 10. e5 Nd7 11. e6 fxe6 12. d5 Na5 13. cxb5 axb5 14. Nd4 Nf6 15. b4
e5 16. Ndxb5 Bd7 17. Qe2 Bxb5 18. Nxb5 Qd7 19. a4 c6 20. dxc6 Nxc6 21. Bd2 d5
22. Rac1 e4 23. Rfd1 Rb7 24. Bc3 e5 25. Be1 Ra8 26. Qc2 Ne7 27. Qb3 Kh8 28. Rc5
h5 29. Nc3 Qd6 30. Nxe4 Nxe4 31. Rcxd5 Nxd5 32. Bxe4 Rab8 33. Rxd5 Qe7 34. b5
Qg5 35. Bd2 Qf6 36. Qd3 Rf8 37. Be3 Rc7 38. Rd6 Qf7 39. Qd2 h4 40. g4 Rfc8 41.
Rd8+ Kh7 42. Rxc8 Rxc8 43. b6 Qc4 44. b7 Rf8 45. Qc2 Qb4 46. Bxg6+ Kh8 47. Be4
1-0

[Event "Elit(Kungstornet-Stockholms SS)"]
[Site "?"]
[Date "2022.03.20"]
[Round "5"]
[White "Ertan, Can"]
[Black "Glimbrant, Torbjorn"]
[Result "1/2-1/2"]
[WhiteElo "2382"]
[BlackElo "2239"]
[PlyCount "113"]

1. e4 c5 2. Nf3 d6 3. c3 Nf6 4. Qc2 Qc7 5. Bc4 Bg4 6. d4 Bxf3 7. gxf3 Nbd7 8.
d5 g6 9. Nd2 Bg7 10. Nf1 O-O 11. f4 Nb6 12. Be2 e6 13. c4 exd5 14. cxd5 Rfe8
15. Ng3 h5 16. h4 a6 17. f5 c4 18. Be3 Rac8 19. Rg1 c3 20. b3 Nbd7 21. fxg6
fxg6 22. Bd4 Ne5 23. Rc1 b5 24. Qxc3 Qxc3+ 25. Rxc3 Rxc3 26. Bxc3 Ned7 27. Kd2
Kf7 28. Kc2 Nxe4 29. Nxe4 Rxe4 30. Bxh5 Ne5 31. Bxe5 Rxe5 32. Bxg6+ Kf6 33. Rg4
Rxd5 34. Be8 Bh8 35. f4 Ke7 36. Bg6 Rc5+ 37. Kd2 Bb2 38. h5 Rc1 39. h6 Rh1 40.
h7 d5 41. Bd3 Bd4 42. Rg8 Rh2+ 43. Ke1 a5 44. Rb8 a4 45. Bxb5 a3 46. Bd3 Rxa2
47. h8=Q Bxh8 48. Rxh8 Rb2 49. Rc8 a2 50. Rc1 Rxb3 51. Kd2 Ra3 52. Ra1 Kd6 53.
Kc2 Kc5 54. Bg6 Rf3 55. f5 Kb4 56. Rxa2 Rf2+ 57. Kb1 1/2-1/2

[Event "Elit(Wasa-Vaxjo)"]
[Site "?"]
[Date "2022.03.20"]
[Round "5"]
[White "Kallerholm, Par"]
[Black "Wedberg, Tom"]
[Result "0-1"]
[WhiteElo "1909"]
[BlackElo "2406"]
[PlyCount "76"]

1. d4 Nf6 2. Nf3 e6 3. Bg5 c5 4. c3 b6 5. e3 Bb7 6. Nbd2 Be7 7. Bd3 cxd4 8.
exd4 O-O 9. O-O d6 10. Re1 Nbd7 11. Qc2 a6 12. h3 Rc8 13. a3 h6 14. Bh4 Nh5 15.
Bxe7 Qxe7 16. Be4 Bxe4 17. Rxe4 Nhf6 18. Re2 b5 19. g3 Nb6 20. Kh2 Nc4 21. Nh4
Nd5 22. Nxc4 Rxc4 23. Nf5 Qc7 24. Ne3 Nxe3 25. Rxe3 Rxd4 26. Rd1 Rxd1 27. Qxd1
Rc8 28. Rd3 d5 29. f4 Qb6 30. Qf3 Rc4 31. f5 Re4 32. f6 gxf6 33. Rd4 Rxd4 34.
Qe3 e5 35. cxd4 Qxd4 36. Qxh6 Qf2+ 37. Kh1 Qxg3 38. Qxf6 Qxh3+ 0-1

[Event "Elit(Limhamn-Team Pelaro Alingsas)"]
[Site "?"]
[Date "2022.03.20"]
[Round "5"]
[White "Wengholm, Anders"]
[Black "Ziegler, Ari"]
[Result "0-1"]
[WhiteElo "2216"]
[BlackElo "2323"]
[PlyCount "58"]

1. Nf3 d5 2. d4 e6 3. c4 c6 4. Nbd2 f5 5. g3 Nf6 6. Bg2 Bd6 7. O-O O-O 8. Qc2
b6 9. Ne5 Bb7 10. Ndf3 Ne4 11. Nd3 Nd7 12. Bf4 Rc8 13. Qa4 c5 14. cxd5 Bxd5 15.
Bxd6 Nxd6 16. Nf4 c4 17. Qa3 Ne4 18. Nxd5 exd5 19. Qxa7 Rf7 20. Qa3 b5 21. b3
c3 22. Qb4 Qb6 23. Rfc1 f4 24. Bh3 fxg3 25. hxg3 Rcf8 26. a4 Qh6 27. Bg2 Ndf6
28. Qxb5 Nxf2 29. Kxf2 Ng4+ 0-1

[Event "Elit(Kungstornet-Stockholms SS)"]
[Site "?"]
[Date "2022.03.20"]
[Round "5"]
[White "Couso, Luis"]
[Black "Thorn, Eric"]
[Result "0-1"]
[WhiteElo "2263"]
[BlackElo "2341"]
[PlyCount "40"]

1. b3 e5 2. Bb2 Nc6 3. e3 d5 4. Bb5 Bd6 5. f4 Qh4+ 6. g3 Qe7 7. Nf3 f6 8. fxe5
fxe5 9. Bxc6+ bxc6 10. Nxe5 Nf6 11. Nf3 O-O 12. Qe2 Ne4 13. d3 Bxg3+ 14. hxg3
Nxg3 15. Rg1 Nxe2 16. Rxg7+ Qxg7 17. Bxg7 Rxf3 18. Kxe2 Bg4 19. Bd4 Raf8 20.
Kd2 Rf1 0-1

[Event "Elit(Wasa-Vaxjo)"]
[Site "?"]
[Date "2022.03.20"]
[Round "5"]
[White "Cramling, Dan"]
[Black "Heidenfors, Ronald"]
[Result "1/2-1/2"]
[WhiteElo "2290"]
[BlackElo "1980"]
[PlyCount "95"]

1. d4 d5 2. c4 e6 3. Nc3 Nf6 4. Bg5 Be7 5. e3 Nbd7 6. Nf3 h6 7. Bh4 O-O 8. Rc1
c6 9. Bd3 Nh5 10. Bxe7 Qxe7 11. O-O dxc4 12. Bxc4 Rd8 13. Bb3 g6 14. Qe2 b6 15.
Ne5 Bb7 16. f4 Ng7 17. Ba4 Rac8 18. a3 Nf8 19. Rfd1 Nf5 20. Bb3 Nh7 21. g4 Nh4
22. Qf2 Kg7 23. h3 g5 24. Bc2 f6 25. Nf3 Nxf3+ 26. Qxf3 Rf8 27. Qe4 Kh8 28.
Qxh7+ Qxh7 29. Bxh7 Kxh7 30. f5 exf5 31. gxf5 Rf7 32. e4 Re8 33. Kf2 h5 34. Kf3
Kh6 35. Rd2 Rg8 36. Rg1 b5 37. b4 Ra8 38. Nd1 a5 39. Nb2 Rd7 40. Ke3 axb4 41.
axb4 Ra3+ 42. Rd3 Ra2 43. Rg2 Re7 44. Rgd2 c5 45. d5 c4 46. Rc3 Bxd5 47. Rxd5
Rxb2 48. Rxb5 1/2-1/2

[Event "Elit(Limhamn-Team Pelaro Alingsas)"]
[Site "?"]
[Date "2022.03.20"]
[Round "5"]
[White "Eklund, Joel"]
[Black "Bjorklund, Thomas"]
[Result "1/2-1/2"]
[WhiteElo "2279"]
[BlackElo "2168"]
[PlyCount "117"]

1. c4 e6 2. Nc3 Nf6 3. d4 d5 4. cxd5 exd5 5. Bg5 Be7 6. e3 c6 7. Bd3 Be6 8. Qc2
h6 9. Bh4 Nbd7 10. Nge2 Rc8 11. Nf4 Nf8 12. O-O Bd7 13. Bxf6 Bxf6 14. b4 Ne6
15. Nh5 O-O 16. b5 g6 17. bxc6 bxc6 18. Nxf6+ Qxf6 19. Na4 Rb8 20. Nc5 Qe7 21.
Rfc1 Nxc5 22. Qxc5 Qxc5 23. Rxc5 Rb2 24. Ra5 Rb7 25. Rc1 Rfb8 26. Kf1 Kf8 27.
Bc2 Ke7 28. Ke1 Kd6 29. Bb3 f5 30. Rcc5 Rc7 31. Kd2 Re8 32. Ra6 Be6 33. Kc3 Rb8
34. Rca5 Rbb7 35. f3 Bf7 36. Bc2 Be6 37. h4 g5 38. hxg5 hxg5 39. e4 fxe4 40.
fxe4 g4 41. Bb3 dxe4 42. Bxe6 Kxe6 43. Rg5 Rb6 44. Raa5 Rb5 45. a4 Rxa5 46.
Rxa5 c5 47. Rxc5 Rxc5+ 48. dxc5 Kd5 49. c6 Kxc6 50. Kd4 Kb6 51. Kxe4 Ka5 52.
Kf4 Kxa4 53. Kxg4 Kb4 54. Kf5 a5 55. g4 a4 56. g5 a3 57. g6 a2 58. g7 a1=Q 59.
g8=Q 1/2-1/2

[Event "Elit(Kungstornet-Stockholms SS)"]
[Site "?"]
[Date "2022.03.20"]
[Round "5"]
[White "Cederstam, Carl"]
[Black "Larsson, Anders"]
[Result "1-0"]
[WhiteElo "2368"]
[BlackElo "2203"]
[PlyCount "111"]

1. Nf3 d5 2. d4 Nf6 3. c4 e6 4. g3 Be7 5. Bg2 O-O 6. O-O Nbd7 7. Qc2 Re8 8. Rd1
c6 9. Nbd2 Bd6 10. e4 dxe4 11. Nxe4 Nxe4 12. Qxe4 Nf6 13. Qc2 h6 14. h3 Qe7 15.
c5 Bc7 16. Re1 Rd8 17. a4 Bd7 18. Ra3 Be8 19. a5 Nd5 20. Bd2 f6 21. Qe4 Bf7 22.
g4 Qd7 23. Bf1 f5 24. gxf5 exf5 25. Qh4 Re8 26. Ne5 Bxe5 27. Rxe5 Rxe5 28. dxe5
Qe7 29. Qxe7 Nxe7 30. a6 bxa6 31. Rxa6 Bd5 32. b4 Kf7 33. f4 g5 34. fxg5 hxg5
35. Bxg5 Rg8 36. h4 Ng6 37. Rxa7+ Ke6 38. Kf2 Kxe5 39. h5 Nf4 40. Re7+ Ne6 41.
Bc1 Kf6 42. Ra7 Rg4 43. h6 Kg6 44. b5 cxb5 45. Bxb5 Rg2+ 46. Kf1 Rh2 47. Be8+
Kf6 48. h7 Nd4 49. Bb2 Ke5 50. Ra4 Rxh7 51. Bxd4+ Ke4 52. c6 Kf3 53. Bb6 Re7
54. Bh5+ Kg3 55. Bf2+ Kh3 56. Rh4# 1-0

[Event "Elit(Wasa-Vaxjo)"]
[Site "?"]
[Date "2022.03.20"]
[Round "5"]
[White "Wihlborn, Bengt"]
[Black "Eriksson, Lennarth"]
[Result "1/2-1/2"]
[WhiteElo "1822"]
[BlackElo "2017"]
[PlyCount "42"]

1. Nf3 f5 2. b3 Nf6 3. Bb2 e6 4. c4 b6 5. g3 Bb7 6. Bg2 Be7 7. O-O O-O 8. d3 a5
9. Nc3 Qe8 10. Re1 Qh5 11. e4 fxe4 12. Nxe4 Nxe4 13. dxe4 Bc5 14. Nd4 Qg6 15.
Re2 Na6 16. Qd2 Rad8 17. Rd1 Be7 18. Nb5 Qf7 19. Qe1 Bc5 20. Bd4 Bb4 21. Bc3
Bc5 1/2-1/2

[Event "Elit(Limhamn-Team Pelaro Alingsas)"]
[Site "?"]
[Date "2022.03.20"]
[Round "5"]
[White "Bergre, Joachim"]
[Black "Schneider, Stefan"]
[Result "1/2-1/2"]
[WhiteElo "944"]
[BlackElo "2375"]
[PlyCount "84"]

1. Nf3 d5 2. c4 d4 3. g3 Nc6 4. d3 e5 5. Bg2 Bb4+ 6. Bd2 a5 7. O-O Nf6 8. Bxb4
axb4 9. Nbd2 O-O 10. a3 bxa3 11. Rxa3 Rxa3 12. bxa3 Qe7 13. Qb3 Nd7 14. Re1 Nc5
15. Qc2 f5 16. Nb3 Nd7 17. Qc1 Nf6 18. e3 dxe3 19. Rxe3 Ng4 20. Re2 Qd6 21. Rd2
Bd7 22. h3 Nf6 23. Qb2 b6 24. c5 Qe7 25. cxb6 cxb6 26. Nc1 e4 27. dxe4 fxe4 28.
Ng5 e3 29. Qb3+ Kh8 30. Qxe3 Qxe3 31. fxe3 Ne5 32. Ne2 h6 33. Ne4 Nxe4 34. Bxe4
Bxh3 35. Nf4 Bf5 36. Rd5 Bxe4 37. Rxe5 Bc2 38. Re6 Ra8 39. Rxb6 Rxa3 40. Rb2
Rxe3 41. Rxc2 Rxg3+ 42. Kf2 Ra3 1/2-1/2

[Event "Elit(Kungstornet-Stockholms SS)"]
[Site "?"]
[Date "2022.03.20"]
[Round "5"]
[White "Henriksson, Johan"]
[Black "Renman, Nils-Gustaf"]
[Result "1/2-1/2"]
[WhiteElo "2220"]
[BlackElo "2301"]
[PlyCount "129"]

1. d4 e6 2. g3 d5 3. Bg2 Nf6 4. Nf3 Nbd7 5. O-O Be7 6. c4 c6 7. Nc3 O-O 8. Qd3
b6 9. cxd5 exd5 10. Bf4 Bb7 11. Rac1 Re8 12. Rfd1 Bf8 13. Ne5 Nxe5 14. dxe5 Ng4
15. e4 Bc5 16. Rc2 d4 17. Na4 Bf8 18. Qxd4 Qxd4 19. Rxd4 c5 20. Rd1 Nxe5 21.
Bxe5 Rxe5 22. Nc3 Ree8 23. Rd7 Bc6 24. Rc7 Rec8 25. Rxc6 Rxc6 26. e5 Rac8 27.
Bxc6 Rxc6 28. Rd2 a6 29. a4 f6 30. exf6 gxf6 31. Rd7 b5 32. axb5 axb5 33. Nxb5
Rb6 34. Nc3 Rxb2 35. Nd5 Bg7 36. Rc7 Rb8 37. Rxc5 Rb7 38. Kg2 Kf7 39. h4 Bf8
40. Rc6 Be7 41. Kf3 Ra7 42. Kg4 Rd7 43. Ne3 Kg6 44. h5+ Kf7 45. Nf5 Bf8 46. f4
Ra7 47. Ne3 Be7 48. Nd5 Rd7 49. Nb6 Ra7 50. Nc8 Rd7 51. Kf5 Rd5+ 52. Ke4 Rd7
53. Nb6 Ra7 54. Nd5 Ra4+ 55. Kf3 Ra7 56. g4 Ra3+ 57. Ke4 Ra4+ 58. Kd3 Ra7 59.
Kc4 Ra4+ 60. Kb5 Rd4 61. Nxe7 Kxe7 62. Rc7+ Kf8 63. g5 Rxf4 64. g6 hxg6 65.
hxg6 1/2-1/2

[Event "Elit(Wasa-Vaxjo)"]
[Site "?"]
[Date "2022.03.20"]
[Round "5"]
[White "Nordstrom, Felix"]
[Black "Nilsson, Mattias"]
[Result "1/2-1/2"]
[WhiteElo "2079"]
[BlackElo "1901"]
[PlyCount "108"]

1. d4 d5 2. c4 c6 3. Nf3 Nf6 4. Nc3 h6 5. e3 e6 6. Bd3 Bd6 7. O-O O-O 8. e4
dxe4 9. Nxe4 Nxe4 10. Bxe4 Nd7 11. Re1 Nf6 12. Bc2 c5 13. Be3 Qb6 14. Qd3 Re8
15. dxc5 Bxc5 16. Bxc5 Qxc5 17. Ne5 Qc7 18. Rad1 b6 19. Ba4 Rf8 20. Qd6 Qxd6
21. Rxd6 Bb7 22. Nc6 Bxc6 23. Bxc6 Rad8 24. Red1 Rxd6 25. Rxd6 Rb8 26. b3 Kf8
27. Kf1 Ke7 28. Rd2 Rd8 29. Rxd8 Kxd8 30. Ke2 Kc7 31. Bf3 Kd6 32. Kd3 a5 33. a3
Nd7 34. Kc3 f5 35. b4 g5 36. g3 Ne5 37. Be2 Nd7 38. Kb3 axb4 39. axb4 e5 40.
Ka4 Kc6 41. g4 fxg4 42. Bxg4 Nf6 43. Bf3+ e4 44. Bg2 h5 45. Kb3 Kd6 46. Ka4 Ng4
47. Bxe4 Nxf2 48. Bg2 Ng4 49. h3 Ne3 50. Bf3 g4 51. hxg4 hxg4 52. Bxg4 Nxg4 53.
c5+ bxc5 54. bxc5+ Kxc5 1/2-1/2

[Event "Elit(Limhamn-Team Pelaro Alingsas)"]
[Site "?"]
[Date "2022.03.20"]
[Round "5"]
[White "Lindgren, Philip"]
[Black "Nowen, Linus"]
[Result "1-0"]
[WhiteElo "2356"]
[BlackElo "1599"]
[PlyCount "93"]

1. d4 d6 2. Nf3 Nf6 3. c4 Nbd7 4. Nc3 e5 5. e4 Be7 6. Be2 O-O 7. O-O c6 8. Re1
a6 9. a3 h6 10. Bf1 Qc7 11. b4 b6 12. Bb2 Bb7 13. Nh4 Rfe8 14. Nf5 Bf8 15. Qd2
Kh7 16. Rad1 Rad8 17. f4 exf4 18. Qxf4 g6 19. Ng3 Bg7 20. c5 Nf8 21. cxd6 Rxd6
22. e5 Rde6 23. Qc1 Ng8 24. Nce4 R6e7 25. Nd6 Rd8 26. Nge4 Ne6 27. Bc4 Bc8 28.
Nxc8 Qxc8 29. Nd6 Qa8 30. Nxf7 Rxf7 31. Bxe6 Rff8 32. Qc2 Ne7 33. Rf1 a5 34.
Bb3 axb4 35. axb4 Qb7 36. Qe4 Qd7 37. b5 cxb5 38. d5 Rxf1+ 39. Rxf1 Rf8 40.
Rxf8 Bxf8 41. d6 Qc6 42. Qd3 Nf5 43. d7 Qc5+ 44. Kf1 Ne3+ 45. Ke2 Nxg2 46. Bg8+
Kxg8 47. Qxg6+ 1-0

[Event "Elit(Vasteras-LASK)"]
[Site "?"]
[Date "2022.03.20"]
[Round "5"]
[White "Kulaots, Kaido"]
[Black "Pantzar, Milton"]
[Result "0-1"]
[WhiteElo "2520"]
[BlackElo "2434"]
[PlyCount "70"]

1. e4 c6 2. d4 d5 3. e5 Bf5 4. Nf3 e6 5. Be2 Ne7 6. O-O Ng6 7. a4 f6 8. Ne1 h5
9. f4 h4 10. Be3 Nd7 11. Nd2 Be7 12. Bg4 Kf7 13. Bxf5 exf5 14. c4 Ndf8 15. Qc2
Bb4 16. Qxf5 Bxd2 17. Bxd2 dxc4 18. Nf3 Ne7 19. Qc2 Qd5 20. Bb4 Re8 21. f5 Rh5
22. Bxe7 Rxe7 23. Rae1 c5 24. dxc5 fxe5 25. Qe4 Qxc5+ 26. Kh1 Nd7 27. Qxb7 Nf6
28. Rxe5 Rxb7 29. Rxc5 Rxb2 30. Ne5+ Kg8 31. Nxc4 Ra2 32. Nd6 h3 33. Rc8+ Kh7
34. g3 Ng4 35. Nf7 Rxf5 0-1

[Event "Elit(SK Rockaden, Stockholm-Eksjo)"]
[Site "?"]
[Date "2022.03.20"]
[Round "5"]
[White "Seo, Jung Min"]
[Black "Heberla, Bartlomiej"]
[Result "1/2-1/2"]
[WhiteElo "2466"]
[BlackElo "2564"]
[PlyCount "113"]

1. d4 d5 2. c4 e6 3. Nf3 a6 4. cxd5 exd5 5. Nc3 Nf6 6. Bg5 Be6 7. e3 Nbd7 8.
Bd3 Bd6 9. Qc2 c6 10. Bf4 Qc7 11. Bxd6 Qxd6 12. O-O O-O 13. h3 Rac8 14. Rab1 b5
15. Rfc1 c5 16. dxc5 Rxc5 17. Qd1 Rfc8 18. Ne2 Nb6 19. Rxc5 Rxc5 20. Nfd4 Bd7
21. Rc1 Na4 22. Rxc5 Nxc5 23. Bf5 g6 24. Bxd7 Ncxd7 25. Nf4 Qc7 26. Nde2 Qc5
27. Qd2 Ne5 28. b3 b4 29. Qb2 Qd6 30. Qd4 a5 31. f3 Ned7 32. h4 h5 33. Nd3 Qc7
34. Nef4 Qc2 35. Nxd5 Qxa2 36. Nxf6+ Nxf6 37. Nc5 Qb1+ 38. Kh2 Qf5 39. Kg3 Qd5
40. Kf2 Qxd4 41. exd4 Nd5 42. g3 Ne7 43. g4 hxg4 44. fxg4 f5 45. Kf3 fxg4+ 46.
Kxg4 Nf5 47. Kg5 Nxd4 48. Kxg6 Nxb3 49. Nxb3 a4 50. Nc5 a3 51. h5 a2 52. Nb3
Kh8 53. h6 Kg8 54. h7+ Kh8 55. Kh6 a1=Q 56. Nxa1 b3 57. Nxb3 1/2-1/2

[Event "Elit(Vasteras-LASK)"]
[Site "?"]
[Date "2022.03.20"]
[Round "5"]
[White "Sjodahl, Pontus"]
[Black "Mauritsson, Sebastian"]
[Result "1-0"]
[WhiteElo "2410"]
[BlackElo "2390"]
[PlyCount "73"]
[EventDate "2022.??.??"]

1. d4 d5 2. c4 c6 3. Nf3 Nf6 4. Qc2 dxc4 5. Qxc4 Bg4 6. Nbd2 Nbd7 7. g3 e6 8.
Bg2 Be7 9. O-O O-O 10. Nb3 Rc8 11. Rd1 b5 12. Qc3 Qb6 13. Qe1 c5 14. dxc5 Nxc5
15. Nxc5 Bxc5 16. b4 Be7 17. Be3 Qa6 18. Ne5 Rc2 19. f3 Bf5 20. a3 Rfc8 21. Bd4
Bd8 22. e4 Bg6 23. Qe3 Ne8 24. Bf1 Nd6 25. a4 Nc4 26. Nxc4 bxc4 27. Bxa7 e5 28.
Bc5 f5 29. exf5 Bxf5 30. Qxe5 Qg6 31. Rac1 Bc7 32. Qd5+ Kh8 33. Rxc2 Bxc2 34.
Qd7 Rg8 35. Rc1 Be5 36. Bxc4 Bf5 37. Qf7 1-0

[Event "Elit(Vasteras-LASK)"]
[Site "?"]
[Date "2022.03.20"]
[Round "5"]
[White "Kucuksari, Kaan"]
[Black "Akesson, Ralf"]
[Result "1-0"]
[WhiteElo "2362"]
[BlackElo "2396"]
[PlyCount "89"]

1. d4 Nf6 2. c4 g6 3. g3 c6 4. Bg2 d5 5. Qa4 e6 6. Nf3 Bg7 7. O-O O-O 8. Nbd2
b6 9. Rd1 Bb7 10. Qc2 Nbd7 11. cxd5 cxd5 12. b4 Rc8 13. Qb3 Ne4 14. Bb2 b5 15.
a4 a6 16. a5 Nd6 17. Ne1 Nc4 18. Nd3 Rc7 19. Qa2 Nxd2 20. Rxd2 Nf6 21. Nc5 Ne8
22. Rd3 Nd6 23. Bc1 Nf5 24. Bf4 Re7 25. Rad1 h6 26. e4 dxe4 27. Nxb7 Rxb7 28.
Bxe4 Rd7 29. d5 e5 30. Bxf5 gxf5 31. Be3 e4 32. R3d2 Re8 33. Rc1 Rd6 34. Rc6
Qd7 35. Qc2 Rxd5 36. Rxd5 Qxd5 37. Rxa6 Rd8 38. Rc6 Bd4 39. Bxd4 Qxd4 40. Qc3
Qd1+ 41. Kg2 Rd4 42. a6 f4 43. a7 f3+ 44. Kh3 Rd8 45. Rxh6 1-0

[Event "Elit(SK Rockaden, Stockholm-Eksjo)"]
[Site "?"]
[Date "2022.03.20"]
[Round "5"]
[White "Hedman, Erik"]
[Black "Vernersson, Per"]
[Result "1/2-1/2"]
[WhiteElo "2368"]
[BlackElo "2253"]
[PlyCount "32"]

1. Nf3 Nf6 2. c4 e6 3. Nc3 d5 4. e3 c5 5. d4 Nc6 6. cxd5 exd5 7. Bb5 a6 8.
Bxc6+ bxc6 9. O-O Bd6 10. dxc5 Bxc5 11. b3 O-O 12. Bb2 Bd6 13. Rc1 Bg4 14. Na4
Rc8 15. Qd3 Bxf3 16. gxf3 Re8 1/2-1/2

[Event "Elit(SK Rockaden, Stockholm-Eksjo)"]
[Site "?"]
[Date "2022.03.20"]
[Round "5"]
[White "Lukez, Franko"]
[Black "Kenneskog, Theodor"]
[Result "1/2-1/2"]
[WhiteElo "2284"]
[BlackElo "2346"]
[PlyCount "51"]

1. Nf3 d5 2. g3 g6 3. Bg2 Bg7 4. O-O e5 5. d3 Nc6 6. c4 dxc4 7. dxc4 e4 8.
Qxd8+ Nxd8 9. Ng5 f5 10. Nc3 c6 11. Bd2 Ne6 12. Rac1 Nf6 13. f3 exf3 14. exf3
O-O 15. Rcd1 Nxg5 16. Bxg5 Be6 17. b3 Rad8 18. Rfe1 Kf7 19. Be3 Ng4 20. fxg4
Bxc3 21. gxf5 Bxf5 22. Rxd8 Rxd8 23. Rf1 Bd4 24. Bxd4 Rxd4 25. Bh3 Ke6 26.
Bxf5+ 1/2-1/2

[Event "Elit(Vasteras-LASK)"]
[Site "?"]
[Date "2022.03.20"]
[Round "5"]
[White "Antonsen, Mikkel"]
[Black "Norberg, Johan"]
[Result "1/2-1/2"]
[WhiteElo "2400"]
[BlackElo "2286"]
[PlyCount "76"]

1. d4 d6 2. e4 Nf6 3. f3 c5 4. d5 g6 5. c4 Bg7 6. Nc3 O-O 7. Nge2 e6 8. Ng3
exd5 9. cxd5 a6 10. a4 Nbd7 11. Be2 Rb8 12. O-O Ne8 13. Bf4 Qe7 14. Qd2 Nc7 15.
Bh6 b5 16. Bxg7 Kxg7 17. f4 bxa4 18. e5 Nb5 19. Nce4 dxe5 20. d6 Qh4 21. Bxb5
Rxb5 22. fxe5 Nxe5 23. Rxa4 c4 24. Ra5 Qh6 25. Qc3 Rxa5 26. Qxa5 Qe3+ 27. Kh1
f6 28. Nxf6 Rxf6 29. Re1 Qd4 30. Rxe5 Qxd6 31. Qc3 Bb7 32. Re1 Kh6 33. Qxc4 Qd2
34. Qh4+ Kg7 35. Re7+ Rf7 36. Rxf7+ Kxf7 37. Qxh7+ Kf8 38. Qh8+ Kf7 1/2-1/2

[Event "Elit(SK Rockaden, Stockholm-Eksjo)"]
[Site "?"]
[Date "2022.03.20"]
[Round "5"]
[White "Barkhagen, Jonas"]
[Black "Krantz, Christopher"]
[Result "1/2-1/2"]
[WhiteElo "2439"]
[BlackElo "2245"]
[PlyCount "21"]

1. d4 g6 2. c4 Bg7 3. e4 d6 4. Nc3 e5 5. dxe5 dxe5 6. Qxd8+ Kxd8 7. Bg5+ f6 8.
O-O-O+ Nd7 9. Be3 Bh6 10. Bxh6 Nxh6 11. g3 1/2-1/2